00249nam a22001097a 4500020001800000082001400018100001900032245003700051260002700088300000800115650001600123 a9789380108452 a511.8 ALB aAlbright,Brian aMathematical Modeling With Excel aNew Delhibjonesc2010 a286 amathamatics